El fraude: crónica sobre el plebiscito de la Constitución de 1980

Uloženo v:
Podrobná bibliografie
Hlavní autor: Fuentes Saavedra, Claudio (Autor)
Médium: Kniha
Jazyk:španělština
Vydáno: Santiago Hueders 2013
Vydání:1a. ed
Témata:
Tagy: Přidat tag
Žádné tagy, Buďte první, kdo vytvoří štítek k tomuto záznamu!

MARC

LEADER 00000cam a2200000 a 4500
001 UCE1958
003 CL-VaPUC
008 140529e20130900cl |||||||||||||||||spa|d
020 |a 9789568935207 
082 0 4 |a 983.065  |b FUE  |2 21 
100 0 |a Fuentes Saavedra, Claudio  |e author  |9 574406 
245 1 3 |a El fraude: crónica sobre el plebiscito de la Constitución de 1980 
250 |a 1a. ed 
300 |a 127 p 
942 |c BK 
945 |d 20140529 12:24:00  |a dcastane 
260 |a Santiago  |b Hueders  |c 2013 
650 0 |a Historia de Chile siglo 20  |9 268145 
650 0 |a Plebiscito  |9 390791 
650 0 |a Elecciones  |9 254997 
583 |a last modification  |c 20140529 12:24:00  |k Rodrigo Vera 
999 |c 355641  |d 355639 
952 |0 0  |1 0  |3 erb  |4 0  |6 983_065000000000000_FUE_2013  |7 0  |8 A  |9 462418  |a BIBHIS  |b BIBHIS  |i 5080770  |l 1  |o 983.065 FUE 2013  |p 5080770  |r 2025-01-20  |s 2022-05-13  |w 2019-11-23  |y BK  |z Catalogado en:20140529  |k HIS